000
00286nam a22001217a 4500
003
OSt
008
241014b |||||||| |||| 00| 0 eng d
082
_a
633.61
_b
S92A
100
_a
Sugarcane Breeding Instt Coimbatore
245
_a
Annual report -1978
300
_a
137
942
_2
ddc
_c
PER
999
_c
46383
_d
46383